Loading...
| History - American | 0 | 10 | 0 | 0 | 100 | 36 | 77.10 | 6 | 9 | 0.00 | 0.00 |
| Fine Arts - Classical Music | 0 | 10 | 0 | 0 | 100 | 34 | 85.10 | 5 | 9 | 0.00 | 0.00 |
| History - European | 0 | 10 | 1 | 0 | 95 | 46 | 76.80 | 3 | 10 | 0.00 | 0.00 |
| Fine Arts - Other | 0 | 10 | 1 | 1 | 95 | 28 | 87.30 | 4 | 9 | 0.00 | 0.00 |
| Philosophy | 0 | 10 | 1 | 0 | 95 | 50 | 78.20 | 8 | 10 | 0.00 | 0.00 |
| Literature - American | 0 | 9 | 0 | 0 | 90 | 71 | 95.33 | 4 | 8 | 0.00 | 0.00 |
| History - Other | 0 | 9 | 0 | 0 | 90 | 56 | 80.67 | 3 | 7 | 0.00 | 0.00 |
| Literature - British | 0 | 9 | 1 | 0 | 85 | 20 | 83.33 | 5 | 8 | 0.00 | 0.00 |
| Literature - European | 0 | 9 | 1 | 1 | 85 | 37 | 76.89 | 7 | 8 | 0.00 | 0.00 |
| Science - Chemistry | 0 | 7 | 0 | 1 | 70 | 57 | 83.29 | 2 | 4 | 0.00 | 0.00 |
| Literature - World | 0 | 8 | 2 | 2 | 70 | 41 | 108.13 | 4 | 7 | 0.00 | 0.00 |
| Social Science | 0 | 7 | 1 | 0 | 65 | 64 | 77.71 | 5 | 7 | 0.00 | 0.00 |
| Science - Biology | 0 | 6 | 0 | 3 | 60 | 64 | 104.33 | 2 | 2 | 0.00 | 0.00 |
| Mythology | 0 | 7 | 3 | 3 | 55 | 77 | 120.71 | 1 | 2 | 0.00 | 0.00 |
| Religion | 0 | 6 | 2 | 1 | 50 | 91 | 107.00 | 2 | 6 | 0.00 | 0.00 |
| Science - Physics | 0 | 5 | 1 | 0 | 45 | 74 | 103.80 | 0 | 3 | 0.00 | 0.00 |
| Fine Arts - Painting and Sculpture | 0 | 6 | 3 | 1 | 45 | 49 | 83.67 | 1 | 5 | 0.00 | 0.00 |
| History - World | 0 | 6 | 4 | 0 | 40 | 45 | 79.83 | 4 | 6 | 0.00 | 0.00 |
| Science - Other | 0 | 3 | 1 | 0 | 25 | 100 | 110.33 | 0 | 2 | 0.00 | 0.00 |
| Pop Culture | 0 | 2 | 0 | 0 | 20 | 70 | 100.50 | 0 | 0 | 0.00 | 0.00 |
| Current Events | 0 | 1 | 0 | 0 | 10 | 133 | 133.00 | 0 | 0 | 0.00 | 0.00 |
| Geography | 0 | 1 | 1 | 0 | 5 | 107 | 107.00 | 0 | 0 | 0.00 | 0.00 |